| 000 | 00986nam a2200205 a 4500 | ||
|---|---|---|---|
| 001 | 58287 | ||
| 005 | 20180714054836.0 | ||
| 008 | 140415s2002 xxu 000 0 eng d | ||
| 020 | _a0072498684 | ||
| 041 | _aeng | ||
| 082 |
_a384.3068 _bEIS |
||
| 245 | 0 | 0 |
_aINTERNET BUSINESS MODELS : _bTEXT AND CASES |
| 250 | _a1a ed. | ||
| 260 |
_aESTADOS UNIDOS DE AMERICA : _bMCGRAW-HILL COMPANIES, INC., _c2002 |
||
| 300 |
_a700 _c20.5 x 3 x 26.2 |
||
| 500 | _aTHOMAS R. EISENMANN ES EDITOR EN ESTA OBRA | ||
| 520 | _aWE HAVE FIVE OBJETIVES FOR THIS BOOK. FIRTS, WE WANT TO HELP READERS TO UNDERSTAND INTERNET BUSINESS MODELS AND ENABLING TECHNOLOGIES. SECOND, WE WISH TO ILUSTRATE HOW THE INTERNET IS RESTRUCTURING INDUSTRIES. THIRD, WE SEEK TO EVALUATE ACCELERATED GROWTH STRATEGIES AND EXPLAIN WHEN THEY ARE MOST LIKELY TO YIELD.. | ||
| 650 | 1 | 4 |
_aTECNOLOGA DE LA INFORMACIN _xCOMERCIO ELECTRONICO |
| 700 | 1 |
_aEISENMANN, THOMAS R. -HALLOWELL, ROGER -TRIPSAS, MARY _ecoaut. |
|
| 999 |
_c58287 _d58287 |
||